1901 1513 1121 1604 1808 1902 1395 1702 1163 1231 1679 1870 1699 1120 1956 1465 1089 1472 1576 1551 1131 1666 1292 1970 1223 1410 1771 1498 1388 1747 1791 1201 1190 1091 1750 1149 1095 1408 1182 1843 1580 1308 1532 1820 1423 1265 1779 1093 1139 1735 1827 1771 1699 1310 1557 1287 1406 1486 1401 1859 1873 1038 1590 1619 1316 1619 1237 1066 1568 1818 1529 1260 1701 1873 1052 1926 1856 1576 1095 1175 1549 1556 1183 1724 1999 1875 1647 1461 1883 1449 1065 1861 1339 1367 1633 1848 1337 1969 1025 BCNSPRNW ULIB Ver.6.0+V

เปลี่ยนเป็นภาษาไทย

Change to English
 แสดงรายละเอียดบรรณานุกรม
  กลับหน้าหลัก

Brief Record : Get Marc (ISO 2709) : E-mail record : QR code < ปิดหน้าต่าง
LEADER : 00000nam a2200000 a 4500
001    13399115279
003     ULIB
008    110826s2554 th 000 0 tha d
020    ^a9786167375281
060  4 ^aWY153.5^bป258ก
100 0  ^aประณีต ส่งวัฒนา
245 10 ^aการพยาบาลขั้นสูง สำหรับการดูแลผู้ติดเชื้อเอชไอวี / ผู้ป่วยเอดส์ในยุคยาต้านไวรัสเอดส์ =^bAdvanced nursing forcaring of people living with HIV/AIDs in HAART Era /^cประณีต ส่งวัฒนา
246 31 ^aAdvanced nursing for caring of people living with HIV/AIDs in HAART Era
260    ^a[สงขลา] :^bคณะพยาบาลศาสตร์ มหาวิทยาลัยสงขลานครินทร์,^c2554
300    ^a273 หน้า ;^c21 ซม.
650  4 ^aกลุ่มอาการภูมิคุ้มกันเสื่อม^xการรักษา
650  4 ^aผู้ติดเชื้อเอชไอวี^xการดูแล
650  4 ^aผู้ติดเชื้อเอชไอวี^xการรักษาด้วยยา
650  4 ^aยาต้านไวรัส
650  4 ^aโรคเอดส์^xการรักษาด้วยยา
650  4 ^aโรคเอดส์^xผู้ป่วย^xการดูแล
710 2  ^aมหาวิทยาลัยสงขลานครินทร์. ^bคณะพยาบาลศาสตร์
945    ^p250^l0^i032199
945    ^p250^l0^i032200
945    ^p250^l0^i032201
945    ^p250^l0^i032202
945    ^p250^l0^i032205
945    ^p250^l0^i032206
945    ^p250^l0^i032207
995    ^a เกษร
999 ^a ใช้งานได้ทุกระบบ
รายการนี้ยังไม่มีแท็ก
คุณยังไม่ได้ล็อกอิน คุณสามารถมีกิจกรรมร่วมกับเว็บไซต์ได้ แต่ต้องล็อกอินก่อน ::
  ล็อกอิน

รายการสื่อสารสนเทศ

ลำดับที่ ประเภท เลขเรียก/บาร์โค้ด สถานที่ สถานะ
1. วิทยาศาสตร์การแพทย์ และสุขภาพ
หนังสือสำรอง
สถานะ=หนังสือสำรอง
WY153.5 ป258ก ฉ.1 
  Barcode: 032199
ห้องสมุดวิทยาเขตสวรรค์ประชารักษ์
►ส่วนจัดเก็บหนังสือเก่า สปร
บนชั้น
  ขอยืม
2. วิทยาศาสตร์การแพทย์ และสุขภาพ
วิทยาศาสตร์การแพทย์ และสุขภาพ
WY153.5 ป258ก ฉ.2 
  Barcode: 032200
ห้องสมุดวิทยาเขตสวรรค์ประชารักษ์
►ส่วนจัดเก็บหนังสือเก่า สปร
บนชั้น
  ขอยืม
3. วิทยาศาสตร์การแพทย์ และสุขภาพ
วิทยาศาสตร์การแพทย์ และสุขภาพ
สถานะ=หาย
WY153.5 ป258ก ฉ.3 
  Barcode: 032201
ห้องสมุดวิทยาเขตสวรรค์ประชารักษ์
►ส่วนจัดเก็บหนังสือเก่า สปร
บนชั้น
  ขอยืม
4. วิทยาศาสตร์การแพทย์ และสุขภาพ
วิทยาศาสตร์การแพทย์ และสุขภาพ
WY153.5 ป258ก ฉ.4 
  Barcode: 032202
ห้องสมุดวิทยาเขตสวรรค์ประชารักษ์
►ส่วนจัดเก็บหนังสือเก่า สปร
บนชั้น
  ขอยืม
5. วิทยาศาสตร์การแพทย์ และสุขภาพ
วิทยาศาสตร์การแพทย์ และสุขภาพ
WY153.5 ป258ก ฉ.5 
  Barcode: 032205
ห้องสมุดวิทยาเขตสวรรค์ประชารักษ์
►ส่วนจัดเก็บหนังสือเก่า สปร
บนชั้น
  ขอยืม
6. วิทยาศาสตร์การแพทย์ และสุขภาพ
วิทยาศาสตร์การแพทย์ และสุขภาพ
WY153.5 ป258ก ฉ.6 
  Barcode: 032206
ห้องสมุดวิทยาเขตสวรรค์ประชารักษ์
►ส่วนจัดเก็บหนังสือเก่า สปร
บนชั้น
  ขอยืม
7. วิทยาศาสตร์การแพทย์ และสุขภาพ
วิทยาศาสตร์การแพทย์ และสุขภาพ
WY153.5 ป258ก ฉ.7 
  Barcode: 032207
ห้องสมุดวิทยาเขตสวรรค์ประชารักษ์
►ส่วนจัดเก็บหนังสือเก่า สปร
บนชั้น
  ขอยืม

รายการใกล้เคียง
    ผู้แต่ง [ประณีต ส่งวัฒนา]

    หัวเรื่อง [ยาต้านไวรัส]

BibComment


ยังไม่เคยถูกคอมเมนท์

คอมเมนท์ทรัพยากรรายการนี้
  คอมเมนท์: การพยาบาลขั้นสูง..


 Copyright 2026. Bcnsprnw @Library